Multivariate analysis in community ecology
Na minha lista:
| Autor principal: | |
|---|---|
| Formato: | Livro |
| Idioma: | inglês |
| Publicado em: |
Cambridge
Cambridge University
1982
|
| Colecção: | Cambridge Studies in Ecology
|
| Assuntos: | |
| Tags: |
Adicionar Tag
Sem tags, seja o primeiro a adicionar uma tag!
|
MARC
| LEADER | 00000nam a2200000 a 4500 | ||
|---|---|---|---|
| 001 | UCV5004 | ||
| 003 | CL-VaPUC | ||
| 008 | 920326e19820000US |||||||||||||||||eng|d | ||
| 082 | 0 | 4 | |a 577.82 |b GAU |2 21 |
| 100 | |a Gauch, Hugh G |e author |9 393070 | ||
| 245 | 1 | 0 | |a Multivariate analysis in community ecology |
| 300 | |a 298 p | ||
| 942 | |c BK | ||
| 945 | |d 19920326 00:00:00 | ||
| 260 | |a Cambridge |b Cambridge University |c 1982 | ||
| 650 | 0 | |a Ecosistemas |9 261477 | |
| 650 | 0 | |a Ecología |9 258124 | |
| 650 | 0 | |a Análisis estadístico multivariante |9 260011 | |
| 583 | |a last modification |c 20120511 08:04:09 |k Rodrigo Vera | ||
| 490 | 0 | |a Cambridge Studies in Ecology | |
| 999 | |c 211615 |d 211613 | ||
| 952 | |0 0 |1 0 |2 ddc |4 0 |6 577_820000000000000_GAU_1982 |7 0 |8 CCM |9 191332 |a BIBCUR |b BIBCUR |c PAC |d 2019-11-14 |i 2589400 |o 577.82 GAU 1982 |p 2589400 |r 2025-04-22 |w 2019-11-14 |y BK |k CIM | ||